000 00729nam a2200265Ia 4500
005 20260302113917.0
008 008 260114s9999 xx 000 0 eng d
020 _a9781978723108
037 _aTextbook
040 _aCRL
040 _beng
040 _cCRL
041 _2eng
041 _aeng
084 _qCRL
100 _aSabella Ogbobode Abidde
_91117183
245 0 _aPalestine, Taiwan, and Western Sahara Statehood, Sovereignty, and the International System
260 _bBloomsbury
260 _bLexington Books
260 _c2023
650 _aPolitics
856 _uhttps://doi.org/10.5040/9781978723108?locatt=label:secondary_bloomsburyCollections
942 _cEBOOK
999 _c1680673
_d1680673